| 000 | 01021nam a2200253Ia 4500 | ||
|---|---|---|---|
| 003 | OSt | ||
| 005 | 20220923224614.0 | ||
| 006 | a|||||r|||| 00| 0 | ||
| 007 | ta | ||
| 008 | 220922b |||||||| |||| 00| 0 hin d | ||
| 020 | _c450 | ||
| 024 | _a246,188 | ||
| 037 |
_b476, 16/02/2011, Eastern Book Linkers _cTextual |
||
| 040 |
_aARTS _cARTS _bhin |
||
| 041 |
_2hin _ahin |
||
| 082 | _aQ1:24:g, 152Q1 | ||
| 100 | _aशर्मा, जगदीश प्रसाद | ||
| 245 | 0 | _aउपनिषद्वाङ्मय में वर्णित विविध विधाओं का स्वरूप विकास | |
| 246 | _aUpaniṣhadvānmaya mean varṇit vividh vidhāoan kā svarūp vikāsa | ||
| 260 |
_aआगरा _b आशा पब्लिशिंग कम्पनी _c2011 |
||
| 300 |
_a161पृ. _ccm. |
||
| 942 |
_hQ1:24:g, 152Q1 _cTEXL _2CC |
||
| 999 |
_c372458 _d372458 |
||